000 00663nam a22002177a 4500
003 UA-OsUOA
001 105149
007 ta
008 20140211b un ||||| |||| 00| 0 ukr d
100 _aУманців Ю.
090 _a330(477)
_bУ52
942 _cSA
040 _aUA-OsUOA
_bukr
_cUA-OsUOA
_dUA-OsUOA
245 _aКонкурентні механізми регулювання діяльності корпоративних структур
300 _aС.29-46
955 _a0
041 _aukr
080 _a330(477)
773 0 _w105146
_tБанківська справа
_dК.
_d2013
_g12
650 7 _a330 Економіка взагалі
_2UDC
999 _c391312
_d391312